000 01498cam a2200433Ia 4500
001 6260770
003 OSt
005 20140310182806.0
008 930622s1993 dcu 001 0 eng d
020 _c$2.95
035 _a(OCoLC)ocm28311619
035 _a(NNC)6260770
035 _a(OCoLC)28311619
040 _aAPL
_cAPL
_dIHI
_dIXA
_dTBS
043 _an-us---
050 _aJC 265
_b.F325 1993
082 _aM 328.73073
_bF34 1993
100 1 _aFelten, Eric,
_d1964-
245 1 4 _aThe ruling class
_binside the imperial Congress
_cFelten, Eric
250 _aSpecial abridged ed.
260 _aWashington, DC
_bHeritage Foundation
_cc1993
300 _axii, 103 p.
_c18 cm.
500 _a"From the Heritage Foundation's U.S. Congress Assessment Project, David M. Mason, director."
500 _aIncludes index.
500 _aRare Book copy: Cased with other items from the same collection.
_5NNC
521 _aCollege students
526 _c1210L-1700L
541 _j1
562 _eFor circulation. One copy available in the collection.
610 1 0 _aUnited States.
_bCongress.
650 0 _aLegislators
_zUnited States.
650 0 _aSeparation of powers
_zUnited States.
710 2 _aHeritage Foundation (Washington, D.C.).
_bU.S. Congress Assessment Project.
710 2 _aGroup Research Collection (Columbia University Libraries)
_5NNC
942 _2lcc
_cBK
_kM
948 1 _a20070814
_bc
_cwh196
_dSCMC
948 2 _a20070814
_ba
_cwh196
_dSCMC
999 _c16078
_d16078